000 00572nam a2200193 a 4500
001 2369
005 20140414131903.0
008 050531s19uu xx 00 eng d
020 _a0-671-69290-9
050 _aFIC
_bH77 1990
100 _aHope, Laura Lee
245 _aBobbsey twins, #18 :
_bthe secret at Sleepaway Camp /
_cLaura Lee Hope ; illustrated by Randy Berrett.
260 _aNew York :
_bPocket Books,
_c1990.
300 _a83 p. : ill. ; cm.
440 _aThe New Bobbsey Twins
650 _aFiction.
650 _aAdventures
_xFiction.
999 _c110767
_d110767